02364nam a22002774aa4500003000800000005001700008008004100025040003000066041000800096044000700104082001800111100003600129245022400165260002500389300004100414500003600455502020200491520124300693650002101936653001401957653001301971653002401984653002702008653001102035700004002046BOFEUTO20240502101447.0240426t2023 bo gr 001 f spa d 6BOFEUTOaBOFEUTOcBOFEUTO aspa abo aTE5440bC141e aCalle Quispe, Bryan Joeleautor aEl customer relationship management (CRM) para mejorar la gestión de relación de clientes de los productores de la Fundación Agrecol Andes de la ciudad de Cochabamba en la gestión 2023 /cBryan Joel Calle Quispe aOruro :bs/n,c2023. a108 hojas :btabl., fig. ;c28.5 cm. aIncluye bibliografía, anexos. aProyecto de grado Doble Titulación V -- (Licenciatura) Universidad Técnica de Oruro, Facultad de Ciencias Económicas Financieras y Administrativas, Carrera Administración de Empresas, 2023. aEl trabajo de investigación se centra en poder mejorar la gestión de relación de los clientes entre los productores que son beneficiados por la fundación Agrecol Andes y los clientes que adquieren los productos tanto en la tienda ecológica, feria móvil, la feria sabatina y otros eventos donde se promocionan y comercializan los productos naturales y ecológicos de los productores, por lo que la implementación del CRM pretende resolver la problemática actual que se cuenta por no la falta de un sistema para poder establecer un mejor canal de comunicación con los clientes actuales y potenciales de la tienda ecológica y los productores. El objeto del trabajo de investigación es poder implementar un sistema que permita sistematizar la información de los clientes, en la actualidad se tiene bases de datos en programas como el Excel, registros de ventas y otros documentos, lo que no permite sistematizar la información para poder mejorar o aprovechar las oportunidades que se presentan mediante el contacto con los clientes que se realizan tanto en la tienda ecológica, feria móvil y ferias sabatinas donde se cuenta con la visita de los clientes para la promoción y comercialización d los productos aAdministración aMarketing aClientes aProductos naturales aProductos ecológicos aVentas aPortanda Vargas, Jorge Davidetutor